| 000 | 00396cam a22001217a 4500 | ||
|---|---|---|---|
| 008 | 180718b1997 xxu||||| |||| 00| 0 eng d | ||
| 082 | _aB136x54 R144d | ||
| 100 | _aRam Das | ||
| 245 |
_aDimensions of rural development : its role in socio-economic transformation _cby Ram Das |
||
| 260 |
_aMeerut _bTwenty-First Century Publications _c1997 |
||
| 300 | _a395p. | ||
| 650 | _aRural development - India. | ||
| 999 |
_c382490 _d382490 |
||